PROGRAMMING LANGUAGE PRAGMATICS (Record no. 216534)
[ view plain ]
| 000 -LEADER | |
|---|---|
| fixed length control field | 00443nam a22001697a 4500 |
| 008 - FIXED-LENGTH DATA ELEMENTS--GENERAL INFORMATION | |
| fixed length control field | 260204b |||||||| |||| 00| 0 eng d |
| 020 ## - INTERNATIONAL STANDARD BOOK NUMBER | |
| International Standard Book Number | 978-0-1241-0409-9 |
| 100 ## - MAIN ENTRY--PERSONAL NAME | |
| Personal name | SCOTT, MICHAEL L. |
| 245 ## - TITLE STATEMENT | |
| Title | PROGRAMMING LANGUAGE PRAGMATICS |
| 250 ## - EDITION STATEMENT | |
| Edition statement | 4TH ED |
| 260 ## - PUBLICATION, DISTRIBUTION, ETC. | |
| Place of publication, distribution, etc. | NEW YORK |
| Name of publisher, distributor, etc. | ELSEVIER |
| Date of publication, distribution, etc. | 2016 |
| 300 ## - PHYSICAL DESCRIPTION | |
| Extent | XXXII,956P. |
| 500 ## - GENERAL NOTE | |
| General note | INCLUDES AN INDEX |
| 650 ## - SUBJECT ADDED ENTRY | |
| Topical term or geographic name entry element | PROGRAMMING LANGUAGES |
| 942 ## - ADDED ENTRY ELEMENTS (KOHA) | |
| Source of classification or shelving scheme | Library of Congress Classification |
| Koha item type | Long Loan Book |
| Withdrawn status | Lost status | Source of classification or shelving scheme | Damaged status | Not for loan | Collection | Home library | Current library | Shelving location | Date acquired | Inventory number | Total checkouts | Full call number | Barcode | Date last seen | Copy number | Price effective from | Koha item type |
|---|---|---|---|---|---|---|---|---|---|---|---|---|---|---|---|---|---|
| Library of Congress Classification | Science & Technology | Kisii University Library | Kisii University Library | On Display | 02/04/2026 | 111739 | QA 76.9 .S36 2016 | 50584 | 02/04/2026 | C.1 | 02/04/2026 | Long Loan Book | |||||
| Library of Congress Classification | Science & Technology | Kisii University Library | Kisii University Library | On Display | 02/04/2026 | 111740 | QA 76.9 .S36 2016 | 50641 | 02/04/2026 | C.2 | 02/04/2026 | Long Loan Book | |||||
| Library of Congress Classification | Science & Technology | Kisii University Library | Kisii University Library | On Display | 02/04/2026 | 111741 | QA 76.9 .S36 2016 | 50643 | 02/04/2026 | C.3 | 02/04/2026 | Long Loan Book | |||||
| Library of Congress Classification | Science & Technology | Kisii University Library | Kisii University Library | On Display | 02/04/2026 | 111742 | QA 76.9 .S36 2016 | 50645 | 02/04/2026 | C.4 | 02/04/2026 | Long Loan Book | |||||
| Library of Congress Classification | Science & Technology | Kisii University Library | Kisii University Library | On Display | 02/04/2026 | 111743 | QA 76.9 .S36 2016 | 50653 | 02/04/2026 | C.5 | 02/04/2026 | Long Loan Book |